Retrouve la ville ou le pays - Statistiques

Statistiques générales
  • Ce quiz a été pris 85 fois
    49 depuis la dernière actualisation
  • Le résultat moyen est 14 sur 16
Statistiques - réponses
Par images Réponse % Correct
paris
98%
rome
98%
venise
96%
new york
91%
sydney
91%
rio
89%
chine
87%
egypte
87%
inde
87%
dubai
84%
las vegas
84%
londres
80%
barcelone
78%
hollywood
73%
perou
73%
washington
56%
Aucun quiz correspondant
Distribution des résultats
% des personnes avec chaque résultat
Percentile par nombre de réponses
Votre historique - résultats
Vous n’avez pas pris ce quiz depuis la dernière actualisation